000 00743nam a2200181 a 4500
008 120416s1985 ||||||||||||||||| || u
020 _a0471874248
050 _aTK 7871.85 Sze
100 _aSze, S. M., 1936-
245 1 0 _aSemiconductor devices, physics and technology /
260 _aNew York :
_bJohn Wiley and Sons
_c1985
300 _axi, 523p. : ill.
350 _a0.00
650 0 _aPHYSICS
650 _aSEMICONDUCTORS
995 _aBINDERY (DAMAGED)
_D0.00
_e727612
_FCBU-MAIN LIBRARY (Kitwe)
_H1
_I71.00
_jTK 7871.85 Sze
_UDAMAGED
_y025375
_ZMain Library Open Access Collection
995 _aANNEX COLLECTION (Main Library)
_D0.00
_e727611
_FCBU-MAIN LIBRARY (Kitwe)
_H2
_I71.00
_jTK 7871.85 Sze
_UAVAILABLE
_y025352
_ZAnnex Low-Usage Collection
999 _c80410
_d80410